[Event "Open Brno 2014"]
[Site "Brno CZE"]
[Date "2014.11.16"]
[Round "2.21"]
[White "Sernecki, Franciszek"]
[Black "Zuziak, Petr"]
[Result "1-0"]
[WhiteElo "1903"]
[BlackElo "1744"]
[PlyCount "99"]
[EventDate "2014.11.15"]
[EventType "swiss"]
[EventRounds "9"]
[EventCountry "CZE"]
[Source "lmi"]
[SourceDate "2014.11.15"]

1. e4 g6 2. d4 c6 3. Nc3 Bg7 4. Nf3 d5 5. h3 Nf6 6. exd5 cxd5 7. Bd3 Nc6 8. O-O
O-O 9. Re1 h6 10. a3 a6 11. Bf4 Qb6 12. Qd2 Nxd4 13. Nxd4 Qxd4 14. Bxh6 e5 15.
Be3 Qh4 16. Bc5 Re8 17. f3 Bh6 18. Qf2 Qxf2+ 19. Bxf2 Bd2 20. Re2 Bxc3 21. bxc3
e4 22. fxe4 dxe4 23. Bc4 Be6 24. Bxe6 Rxe6 25. Rae1 Rae8 26. Be3 Nd5 27. c4
Nxe3 28. Rxe3 f5 29. Rb1 b6 30. Reb3 Rb8 31. c5 b5 32. a4 Rc6 33. axb5 axb5 34.
Rxb5 Rxb5 35. Rxb5 Kf7 36. Kf2 Ke6 37. Rb6 Kd5 38. Rxc6 Kxc6 39. Ke3 Kxc5 40.
g4 Kd5 41. gxf5 gxf5 42. h4 Ke5 43. c3 f4+ 44. Kf2 Kf5 45. h5 Kg4 46. h6 e3+
47. Kf1 f3 48. h7 Kg3 49. h8=Q e2+ 50. Ke1 1-0

[Event "Open Brno 2014"]
[Site "Brno CZE"]
[Date "2014.11.16"]
[Round "2.22"]
[White "Romanek, Zdenek"]
[Black "Zemlicka, Vit"]
[Result "1/2-1/2"]
[WhiteElo "1648"]
[BlackElo "1899"]
[PlyCount "107"]
[EventDate "2014.11.15"]
[EventType "swiss"]
[EventRounds "9"]
[EventCountry "CZE"]
[Source "lmi"]
[SourceDate "2014.11.15"]

1. d4 Nf6 2. c4 g6 3. Nc3 Bg7 4. e4 d6 5. Bd3 O-O 6. Nge2 e5 7. d5 a5 8. b3 Na6
9. a3 Nh5 10. O-O f5 11. f3 f4 12. Ra2 Nc5 13. Bc2 g5 14. g4 fxg3 15. Nxg3 Nf4
16. Be3 b6 17. Bb1 Rf7 18. Kh1 Kh8 19. Rg1 Nh3 20. Rf1 Nd7 21. Nf5 Nf8 22. Rg2
Ng6 23. Qe1 h6 24. a4 Ne7 25. Rg3 Nxf5 26. exf5 Nf4 27. Bxf4 exf4 28. Rh3 Bxf5
29. Bxf5 Rxf5 30. Rg1 Kh7 31. Ne4 Re5 32. Qb1 Kg8 33. Qd3 Qd7 34. Rxh6 Rxe4 35.
Rxg5 Qe7 36. Rhh5 Re1+ 37. Kg2 Qe2+ 38. Qxe2 Rxe2+ 39. Kh3 Re3 40. Kg4 Rf8 41.
Rh6 Rxb3 42. Re6 Re3 43. Rgg6 Kh7 44. h4 Re8 45. Kxf4 R3xe6 46. Rxe6 Rxe6 47.
dxe6 Kg6 48. Ke4 Bf6 49. h5+ Kxh5 50. Kd5 Kg5 51. Kc6 Kf5 52. Kd7 Ke5 53. e7
Bxe7 54. Kxe7 1/2-1/2

[Event "Open Brno 2014"]
[Site "Brno CZE"]
[Date "2014.11.16"]
[Round "2.23"]
[White "Zeman, Radek"]
[Black "Snasel, Michal"]
[Result "1-0"]
[WhiteElo "1893"]
[BlackElo "1704"]
[PlyCount "45"]
[EventDate "2014.11.15"]
[EventType "swiss"]
[EventRounds "9"]
[EventCountry "CZE"]
[Source "lmi"]
[SourceDate "2014.11.15"]

1. e4 c5 2. Nf3 g6 3. d4 cxd4 4. Nxd4 Nf6 5. Nc3 d6 6. Be3 Bg7 7. f3 O-O 8. Qd2
Nc6 9. O-O-O a5 10. g4 Be6 11. h4 Nb4 12. Nxe6 fxe6 13. Bh6 Bh8 14. Bxf8 Qxf8
15. a3 Nd7 16. Bc4 Nc5 17. h5 Bg7 18. Kb1 Nc6 19. f4 b5 20. Bxe6+ Kh8 21. Bd5
Rc8 22. hxg6 b4 23. Rxh7# 1-0

[Event "Open Brno 2014"]
[Site "Brno CZE"]
[Date "2014.11.16"]
[Round "2.24"]
[White "Bata, Jiri"]
[Black "Simkin, Alexander"]
[Result "1/2-1/2"]
[WhiteElo "1589"]
[BlackElo "1890"]
[PlyCount "98"]
[EventDate "2014.11.15"]
[EventType "swiss"]
[EventRounds "9"]
[EventCountry "CZE"]
[Source "lmi"]
[SourceDate "2014.11.15"]

1. e4 c5 2. e5 Nc6 3. Nf3 e6 4. Bb5 Qc7 5. Bxc6 Qxc6 6. O-O Ne7 7. c3 Ng6 8. d4
d5 9. b3 a5 10. a4 b6 11. Na3 Ba6 12. Re1 Rc8 13. Bb2 Be7 14. g3 O-O 15. Rc1 f5
16. c4 dxc4 17. Nxc4 Bb7 18. Ncd2 f4 19. Ne4 fxg3 20. hxg3 Rf5 21. Nh2 Rcf8 22.
f3 Rd8 23. Qe2 Qe8 24. dxc5 Bxe4 25. fxe4 Rg5 26. Kf2 Bxc5+ 27. Rxc5 bxc5 28.
Nf3 Qf7 29. Rf1 Nxe5 30. Bxe5 Rxe5 31. Kg2 Rh5 32. Ne5 Qe8 33. Nf7 g6 34. g4
Rh4 35. Kg3 Qe7 36. Nxd8 Qxd8 37. Qf3 Qe7 38. Qf6 Qxf6 39. Rxf6 Rh1 40. Rxe6
Rb1 41. Rc6 Rxb3+ 42. Kf4 Rb4 43. Rxc5 Rxa4 44. g5 Ra1 45. Ke5 a4 46. Ke6 Rf1
47. Ra5 Ra1 48. Ra8+ Kg7 49. Ra7+ Kg8 1/2-1/2

[Event "Open Brno 2014"]
[Site "Brno CZE"]
[Date "2014.11.16"]
[Round "2.25"]
[White "Veznik, Michael"]
[Black "Glozar, Petr"]
[Result "1/2-1/2"]
[WhiteElo "1839"]
[BlackElo "1665"]
[PlyCount "63"]
[EventDate "2014.11.15"]
[EventType "swiss"]
[EventRounds "9"]
[EventCountry "CZE"]
[Source "lmi"]
[SourceDate "2014.11.15"]

1. d4 Nf6 2. Nf3 g6 3. Bf4 Bg7 4. e3 d5 5. h3 O-O 6. Be2 c5 7. c3 cxd4 8. exd4
Nc6 9. Ne5 Qb6 10. Qc1 Ne4 11. O-O Nd6 12. Nd2 Bf5 13. Ndf3 Rac8 14. Nxc6 bxc6
15. Ne5 c5 16. dxc5 Qxc5 17. Rd1 d4 18. cxd4 Qb6 19. Qe3 Qxb2 20. Rdc1 Rfd8 21.
g4 Be4 22. a4 a5 23. Ba6 Rc2 24. Nd3 Rxc1+ 25. Rxc1 Qxd4 26. Nc5 Qxe3 27. Bxe3
Bf3 28. Nb3 Ra8 29. Bd3 Nb7 30. Nd2 Bd5 31. Rc7 e6 32. Be4 1/2-1/2

[Event "Open Brno 2014"]
[Site "Brno CZE"]
[Date "2014.11.16"]
[Round "2.26"]
[White "Hrdlicka, Vladan"]
[Black "Schoeppe, Christian"]
[Result "0-1"]
[WhiteElo "1797"]
[BlackElo "1640"]
[PlyCount "110"]
[EventDate "2014.11.15"]
[EventType "swiss"]
[EventRounds "9"]
[EventCountry "CZE"]
[Source "lmi"]
[SourceDate "2014.11.15"]

1. e4 g6 2. d4 Bg7 3. Nf3 d6 4. Nc3 c6 5. Be2 Nf6 6. O-O Nbd7 7. Be3 O-O 8. h3
Re8 9. e5 Nd5 10. Nxd5 cxd5 11. e6 fxe6 12. c4 Nb6 13. c5 dxc5 14. dxc5 Nd7 15.
Ng5 Nf6 16. Bd4 Qc7 17. Nf3 Rf8 18. Rc1 Bd7 19. b4 a6 20. Be5 Qd8 21. Qd4 Bh6
22. Rc2 Ba4 23. Rb2 Nd7 24. Qg4 Rf5 25. Bc3 e5 26. Nh4 Nf6 27. Qg3 Ne4 28. Qg4
Nf6 29. Qg3 Bf4 30. Qd3 e4 31. Qb1 Rg5 32. Bd4 e5 33. Be3 d4 34. Bc4+ Kg7 35.
Bxf4 exf4 36. Qc1 Qc7 37. Re1 Rh5 38. Rxe4 Nxe4 39. Nf3 Rd8 40. Re2 Bc6 41. Bd3
Nc3 42. Re6 Bxf3 43. gxf3 Re5 44. Rb6 Qe7 45. Kh2 Rf8 46. Qc2 Rf6 47. a4 Rxb6
48. cxb6 Re1 49. Qd2 Rd1 50. Qxf4 Rxd3 51. Qc7 Nd5 52. Qc4 Qe5+ 53. Kg2 Rc3 54.
Qa2 Nf4+ 55. Kg3 Qg5+ 0-1

[Event "Open Brno 2014"]
[Site "Brno CZE"]
[Date "2014.11.16"]
[Round "2.27"]
[White "Nemec, Jakub"]
[Black "Kaplan, Milan"]
[Result "0-1"]
[WhiteElo "1523"]
[BlackElo "1791"]
[PlyCount "126"]
[EventDate "2014.11.15"]
[EventType "swiss"]
[EventRounds "9"]
[EventCountry "CZE"]
[Source "lmi"]
[SourceDate "2014.11.15"]

1. e4 c5 2. Nf3 Nc6 3. d4 cxd4 4. Nxd4 Nf6 5. Nc3 e5 6. Nf3 h6 7. a3 Bc5 8. Bc4
a6 9. O-O d6 10. h3 O-O 11. Bd2 Qe7 12. Qc1 Be6 13. Nd5 Bxd5 14. Bxd5 Rac8 15.
c4 Bd4 16. Rb1 Ba7 17. Nh4 Nxd5 18. Nf5 Qf6 19. exd5 Qxf5 20. dxc6 Rxc6 21. Bb4
Rfc8 22. Qd2 Bd4 23. b3 b6 24. a4 Rd8 25. Rbc1 Qf6 26. Ba3 Rdc8 27. Qe2 b5 28.
cxb5 axb5 29. Rxc6 Rxc6 30. axb5 Rb6 31. Rc1 d5 32. Bc5 Bxc5 33. Rxc5 Qd6 34.
Rc6 Qd8 35. Rxb6 Qxb6 36. Qxe5 Qxb5 37. b4 Qxb4 38. Qe8+ Qf8 39. Qd7 Qa8 40.
Kh2 Qb8+ 41. Kh1 Qe5 42. f3 g6 43. Qb5 Qe1+ 44. Kh2 d4 45. Qd3 Qc3 46. Qe4 d3
47. Qe3 Kg7 48. Kh1 g5 49. Kh2 Qc7+ 50. Kg1 Qd7 51. Qd2 Qd4+ 52. Kf1 f5 53. Qf2
Qc4 54. Qd2 f4 55. Qb2+ Kf7 56. Qb7+ Ke6 57. Qb6+ Kd5 58. Qa5+ Kd4 59. Qa1+ Qc3
60. Qa4+ Ke3 61. Qe8+ Kd2 62. Qa4 Qc1+ 63. Kf2 Qe1# 0-1

[Event "Open Brno 2014"]
[Site "Brno CZE"]
[Date "2014.11.16"]
[Round "2.28"]
[White "Zejda, Karel"]
[Black "Glacner, Karel"]
[Result "0-1"]
[WhiteElo "1773"]
[BlackElo "1543"]
[PlyCount "58"]
[EventDate "2014.11.15"]
[EventType "swiss"]
[EventRounds "9"]
[EventCountry "CZE"]
[Source "lmi"]
[SourceDate "2014.11.15"]

1. d4 Nf6 2. Nf3 g6 3. Bf4 Bg7 4. e3 Nh5 5. Be5 f6 6. g4 fxe5 7. gxh5 e4 8.
Nfd2 d5 9. Nc3 O-O 10. hxg6 hxg6 11. Nb3 Rf6 12. Be2 b6 13. Bg4 Ba6 14. Qd2 Bc4
15. h3 a5 16. Nc1 Nc6 17. b3 Ba6 18. N1e2 Bh6 19. Ng3 Qd6 20. Rg1 Rff8 21. Be2
Bxe2 22. Qxe2 Qe6 23. O-O-O Rf3 24. Ngxe4 dxe4 25. d5 Qf6 26. dxc6 Qxc3 27.
Rxg6+ Kh7 28. Kb1 Kxg6 29. Rg1+ Kh7 0-1

[Event "Open Brno 2014"]
[Site "Brno CZE"]
[Date "2014.11.16"]
[Round "2.29"]
[White "Tajovsky, Matej"]
[Black "Kosina, Vladimir"]
[Result "1-0"]
[WhiteElo "1429"]
[BlackElo "1763"]
[PlyCount "71"]
[EventDate "2014.11.15"]
[EventType "swiss"]
[EventRounds "9"]
[EventCountry "CZE"]
[Source "lmi"]
[SourceDate "2014.11.15"]

1. e4 c5 2. Nf3 Nc6 3. d4 cxd4 4. Nxd4 d6 5. Nc3 Nf6 6. Bg5 e6 7. Qd2 Be7 8.
O-O-O a6 9. Kb1 Bd7 10. f4 O-O 11. Be2 Rc8 12. Bf3 Qc7 13. Qe3 Rfd8 14. Nxc6
Bxc6 15. Qf2 b5 16. a3 Qb7 17. Rhe1 a5 18. e5 dxe5 19. Bxc6 Rxc6 20. Bxf6 Bxf6
21. fxe5 Be7 22. Qf3 Rb8 23. Rd4 b4 24. axb4 Bxb4 25. Red1 h6 26. Rd8+ Rxd8 27.
Rxd8+ Kh7 28. Qd3+ g6 29. Nb5 Qe7 30. Rd7 Qf8 31. Qf3 Kg8 32. Qxc6 Be7 33. Qc7
Bg5 34. Nd6 Bf4 35. Rxf7 Qa8 36. Rg7+ 1-0

[Event "Open Brno 2014"]
[Site "Brno CZE"]
[Date "2014.11.17"]
[Round "3.1"]
[White "Semenova, Elena"]
[Black "Kourousis, Epaminondas"]
[Result "0-1"]
[WhiteElo "2227"]
[BlackElo "2380"]
[PlyCount "90"]
[EventDate "2014.11.15"]
[EventType "swiss"]
[EventRounds "9"]
[EventCountry "CZE"]
[Source "lmi"]
[SourceDate "2014.11.15"]

1. e4 c6 2. d4 d5 3. Nd2 dxe4 4. Nxe4 Bf5 5. Ng3 Bg6 6. h4 h6 7. Nf3 Nd7 8. h5
Bh7 9. Bd3 Bxd3 10. Qxd3 e6 11. Bd2 Ngf6 12. O-O-O Be7 13. Ne4 Nxe4 14. Qxe4
Nf6 15. Qe2 Qd5 16. Kb1 Qe4 17. Qxe4 Nxe4 18. Be3 O-O 19. Ne5 f5 20. f3 f4 21.
fxe4 fxe3 22. Ng6 Bg5 23. Nxf8 Rxf8 24. c3 Rf2 25. Rde1 Rxg2 26. Rhg1 Rxg1 27.
Rxg1 Bh4 28. Kc2 e2 29. Kd2 e1=Q+ 30. Rxe1 Bxe1+ 31. Kxe1 Kf7 32. e5 g6 33.
hxg6+ Kxg6 34. Kf2 Kf5 35. Kf3 c5 36. dxc5 Kxe5 37. b4 Kd5 38. a4 e5 39. a5 a6
40. Kg4 e4 41. Kf4 h5 42. Kg3 h4+ 43. Kxh4 e3 44. Kg3 Ke4 45. b5 Kd3 0-1

[Event "Open Brno 2014"]
[Site "Brno CZE"]
[Date "2014.11.17"]
[Round "3.2"]
[White "Kulon, Klaudia"]
[Black "Cherednichenko, Elena"]
[Result "1/2-1/2"]
[WhiteElo "2374"]
[BlackElo "2174"]
[PlyCount "39"]
[EventDate "2014.11.15"]
[EventType "swiss"]
[EventRounds "9"]
[EventCountry "CZE"]
[Source "lmi"]
[SourceDate "2014.11.15"]

1. e4 e5 2. Nf3 Nc6 3. Bc4 Bc5 4. c3 Nf6 5. d3 a6 6. O-O d6 7. h3 h6 8. b4 Ba7
9. Qb3 O-O 10. a4 Nh5 11. Be3 Qf6 12. Nbd2 Qg6 13. Kh2 Bxe3 14. fxe3 Bxh3 15.
gxh3 Qg3+ 16. Kh1 Qxh3+ 17. Kg1 Qg3+ 18. Kh1 Qh3+ 19. Kg1 Qg3+ 20. Kh1 1/2-1/2

[Event "Open Brno 2014"]
[Site "Brno CZE"]
[Date "2014.11.17"]
[Round "3.3"]
[White "Iwanow, Anna"]
[Black "Shevchenko, Kirill"]
[Result "1/2-1/2"]
[WhiteElo "2288"]
[BlackElo "2141"]
[PlyCount "68"]
[EventDate "2014.11.15"]
[EventType "swiss"]
[EventRounds "9"]
[EventCountry "CZE"]
[Source "lmi"]
[SourceDate "2014.11.15"]

1. e4 c5 2. Nf3 d6 3. Bb5+ Nd7 4. c3 Ngf6 5. Qe2 a6 6. Ba4 b5 7. Bc2 c4 8. b3
Qc7 9. bxc4 bxc4 10. Na3 Nb6 11. O-O e5 12. Rb1 Be7 13. d3 cxd3 14. Bxd3 h6 15.
Nc2 O-O 16. Ba3 Be6 17. Ne3 Nfd7 18. c4 Na4 19. Rbc1 Nac5 20. Bb1 Rfb8 21. g3
Rb7 22. Bb2 Rab8 23. Ba1 g6 24. h4 Nf6 25. Nd2 Bh3 26. Rfe1 h5 27. f3 Bd7 28.
Kh2 Bc6 29. Nd5 Bxd5 30. exd5 Bf8 31. g4 Bg7 32. g5 Nfd7 33. Nf1 e4 34. Bxg7
Kxg7 1/2-1/2

[Event "Open Brno 2014"]
[Site "Brno CZE"]
[Date "2014.11.17"]
[Round "3.4"]
[White "Rehurek, Lukas"]
[Black "Burnett, Andrew"]
[Result "1-0"]
[WhiteElo "2188"]
[BlackElo "2269"]
[PlyCount "85"]
[EventDate "2014.11.15"]
[EventType "swiss"]
[EventRounds "9"]
[EventCountry "CZE"]
[Source "lmi"]
[SourceDate "2014.11.15"]

1. e4 c5 2. Nf3 e6 3. d4 cxd4 4. Nxd4 a6 5. Bd3 Nf6 6. O-O e5 7. Nb3 d6 8. c4
Be7 9. Nc3 O-O 10. Qe2 Nc6 11. f3 Be6 12. Be3 Rc8 13. Nd5 Nd7 14. Rfd1 Bg5 15.
Rac1 Nc5 16. Nxc5 dxc5 17. Bxc5 Nd4 18. Bxd4 exd4 19. Rc2 Re8 20. g3 Bxd5 21.
cxd5 Be3+ 22. Kg2 Qd7 23. Rxc8 Rxc8 24. f4 f6 25. h3 g6 26. Qg4 Qxg4 27. hxg4
Rc1 28. Rxc1 Bxc1 29. b3 Ba3 30. e5 fxe5 31. fxe5 Bb4 32. Kf3 Be1 33. Ke4 Bxg3
34. Kxd4 Bf2+ 35. Ke4 Kf7 36. d6 h5 37. Bc4+ Ke8 38. gxh5 gxh5 39. e6 h4 40.
Bf1 Bg3 41. Kd5 b5 42. Bh3 a5 43. e7 1-0

[Event "Open Brno 2014"]
[Site "Brno CZE"]
[Date "2014.11.17"]
[Round "3.5"]
[White "Kratochvil, Karel"]
[Black "Ivanov, Mikhail M"]
[Result "0-1"]
[WhiteElo "2148"]
[BlackElo "2380"]
[PlyCount "86"]
[EventDate "2014.11.15"]
[EventType "swiss"]
[EventRounds "9"]
[EventCountry "CZE"]
[Source "lmi"]
[SourceDate "2014.11.15"]

1. e4 c6 2. d4 d5 3. exd5 cxd5 4. Bd3 Nc6 5. c3 Qc7 6. Ne2 Bg4 7. f3 Bd7 8. Bf4
e5 9. Bg3 Bd6 10. Bc2 Nge7 11. O-O h5 12. dxe5 Nxe5 13. Bb3 h4 14. Bxe5 Bxe5
15. f4 Bd6 16. Na3 h3 17. g3 Bxa3 18. bxa3 O-O 19. Rc1 Nf5 20. Nd4 Ne3 21. Qh5
Nxf1 22. Bc2 f5 23. Nxf5 Rxf5 24. Bxf5 Qc5+ 25. Kxf1 Bb5+ 26. c4 Bxc4+ 27. Rxc4
Qxc4+ 28. Ke1 Qc3+ 29. Ke2 Qb2+ 30. Kf3 Qg2+ 31. Ke3 d4+ 32. Kd3 Qf1+ 33. Kd2
Qf2+ 34. Kd1 Qg1+ 35. Kd2 Qxh2+ 36. Kd1 Qg1+ 37. Kd2 Qe3+ 38. Kd1 Re8 39. Bh7+
Kf8 40. Qf5+ Ke7 41. Qc5+ Ke6 42. Bc2 Qf3+ 43. Kd2 Qc3+ 0-1

[Event "Open Brno 2014"]
[Site "Brno CZE"]
[Date "2014.11.17"]
[Round "3.6"]
[White "Gentsch, Peter"]
[Black "Constantinou, Peter"]
[Result "0-1"]
[WhiteElo "1956"]
[BlackElo "2298"]
[PlyCount "60"]
[EventDate "2014.11.15"]
[EventType "swiss"]
[EventRounds "9"]
[EventCountry "CZE"]
[Source "lmi"]
[SourceDate "2014.11.15"]

1. d4 g6 2. Nf3 Bg7 3. g3 c5 4. c3 d5 5. Bg2 Nd7 6. Nbd2 Ngf6 7. O-O O-O 8. e3
Qc7 9. Qe2 e5 10. dxe5 Nxe5 11. Nxe5 Qxe5 12. Nf3 Qh5 13. Qc2 Bg4 14. Nd2 Rad8
15. f3 Bh3 16. Rf2 Rfe8 17. Nf1 Nd7 18. Kh1 Ne5 19. Bd2 c4 20. Be1 Nd3 21. Re2
Re6 22. b3 b5 23. bxc4 bxc4 24. Rb1 Bxg2+ 25. Kxg2 Qf5 26. g4 Qe5 27. Ng3 Nxe1+
28. Rbxe1 Qxc3 29. Rc1 Rxe3 30. Qxc3 Rxc3 0-1

[Event "Open Brno 2014"]
[Site "Brno CZE"]
[Date "2014.11.17"]
[Round "3.7"]
[White "Blahynka, Martin"]
[Black "Dirgas, Josef"]
[Result "1-0"]
[WhiteElo "2237"]
[BlackElo "2078"]
[PlyCount "109"]
[EventDate "2014.11.15"]
[EventType "swiss"]
[EventRounds "9"]
[EventCountry "CZE"]
[Source "lmi"]
[SourceDate "2014.11.15"]

1. d4 d5 2. c4 e6 3. Nc3 Nf6 4. cxd5 exd5 5. Bg5 Be7 6. e3 O-O 7. Bd3 c6 8. Qc2
Nbd7 9. Nge2 Re8 10. O-O h6 11. Bh4 Ne4 12. Bxe7 Qxe7 13. Rae1 Ndf6 14. f3 Nxc3
15. Nxc3 Be6 16. a3 Rad8 17. b4 a6 18. Na4 Nd7 19. Nc5 Nb6 20. a4 Nc8 21. Qf2
Nd6 22. e4 Qc7 23. e5 Nc4 24. f4 Bc8 25. a5 f5 26. exf6 gxf6 27. Qh4 Nd2 28.
Rxe8+ Rxe8 29. Rd1 Ne4 30. Qxh6 Qg7 31. Qxg7+ Kxg7 32. Bxe4 dxe4 33. Kf2 f5 34.
Ke3 Kf6 35. d5 cxd5 36. Rxd5 Rg8 37. g3 Ke7 38. Kf2 Rh8 39. h4 Rh6 40. Re5+ Kd6
41. Nb3 Bd7 42. Nd4 Rf6 43. Nc2 Rf8 44. Ne3 Be6 45. Kg2 Rf7 46. h5 Rf8 47. Kh3
Rf6 48. Kh4 Rf8 49. h6 Rh8 50. Kh5 Rg8 51. g4 fxg4 52. Rg5 Bf7+ 53. Kxg4 Rh8
54. Rg7 Be6+ 55. Kg5 1-0

[Event "Open Brno 2014"]
[Site "Brno CZE"]
[Date "2014.11.17"]
[Round "3.8"]
[White "Grove, Michael"]
[Black "Bartos, Jan"]
[Result "0-1"]
[WhiteElo "2083"]
[BlackElo "2194"]
[PlyCount "58"]
[EventDate "2014.11.15"]
[EventType "swiss"]
[EventRounds "9"]
[EventCountry "CZE"]
[Source "lmi"]
[SourceDate "2014.11.15"]

1. e4 e5 2. Nf3 Nc6 3. d4 exd4 4. Nxd4 Nf6 5. Nxc6 bxc6 6. e5 Qe7 7. Qe2 Nd5 8.
c4 Ba6 9. Nd2 g6 10. Ne4 Bg7 11. Bg5 Qxe5 12. Nc5 Nb4 13. Kd2 Qxe2+ 14. Bxe2
Bc8 15. Ne4 f5 16. Nc3 a5 17. a3 Na6 18. b4 O-O 19. Bf3 Rb8 20. b5 Nc5 21. Rab1
Ne6 22. Be3 f4 23. Ba7 Rb7 24. b6 Bd4 25. Na4 Bxf2 26. Bg4 Be3+ 27. Ke2 Nc5 28.
Nc3 Bd4 29. Kd2 Bxc3+ 0-1

[Event "Open Brno 2014"]
[Site "Brno CZE"]
[Date "2014.11.17"]
[Round "3.9"]
[White "Simantsev, Mikhail"]
[Black "Popper, Tomas"]
[Result "1-0"]
[WhiteElo "2452"]
[BlackElo "1961"]
[PlyCount "53"]
[EventDate "2014.11.15"]
[EventType "swiss"]
[EventRounds "9"]
[EventCountry "CZE"]
[Source "lmi"]
[SourceDate "2014.11.15"]

1. d4 Nf6 2. c4 c5 3. d5 b5 4. cxb5 a6 5. e3 e6 6. Nc3 exd5 7. Nxd5 Bb7 8.
Nxf6+ Qxf6 9. Nf3 Be7 10. Be2 O-O 11. O-O d5 12. bxa6 Bc6 13. Rb1 Nxa6 14. Bd2
Bd6 15. Bc3 Qe7 16. Re1 Nc7 17. a3 Rfb8 18. Bf1 Nb5 19. Bd2 Nc7 20. g3 f6 21.
Bg2 Qf7 22. Qc2 Ne6 23. Nd4 Nxd4 24. exd4 c4 25. b3 Rxb3 26. Rxb3 Ba4 27. Qf5
1-0

[Event "Open Brno 2014"]
[Site "Brno CZE"]
[Date "2014.11.17"]
[Round "3.10"]
[White "Kaplan, Milan"]
[Black "Kratochvil, Josef"]
[Result "0-1"]
[WhiteElo "1791"]
[BlackElo "2236"]
[PlyCount "82"]
[EventDate "2014.11.15"]
[EventType "swiss"]
[EventRounds "9"]
[EventCountry "CZE"]
[Source "lmi"]
[SourceDate "2014.11.15"]

1. e4 c5 2. c3 d6 3. Nf3 Nf6 4. Be2 Nc6 5. d3 e5 6. O-O Be7 7. Bg5 h6 8. Bh4 g5
9. Bg3 Nh5 10. a4 Nf4 11. Bxf4 gxf4 12. d4 cxd4 13. cxd4 Qb6 14. Bb5 Rg8 15.
Kh1 Kf8 16. dxe5 dxe5 17. Nc3 Bg4 18. Nd5 Qd8 19. Bxc6 bxc6 20. Nxe7 Qxe7 21.
Qc2 Rb8 22. Qxc6 Rg6 23. Qc3 Bxf3 24. Qxf3 Rxb2 25. Qc3 Qg5 26. g3 Rbb6 27.
Qc8+ Kg7 28. Rad1 Rbd6 29. Rb1 Rd8 30. Qc7 Rd2 31. Rb7 Rf6 32. Qc3 fxg3 33.
hxg3 Rdxf2 34. Rxf2 Rxf2 35. Kg1 Qf6 36. Rb2 Rxb2 37. Qxb2 Qb6+ 38. Qxb6 axb6
39. Kf2 Kg6 40. g4 Kg5 41. Kg3 f6 0-1

[Event "Open Brno 2014"]
[Site "Brno CZE"]
[Date "2014.11.17"]
[Round "3.11"]
[White "Tsenov, Tsvetoslav"]
[Black "Sernecki, Franciszek"]
[Result "1/2-1/2"]
[WhiteElo "2150"]
[BlackElo "1903"]
[PlyCount "90"]
[EventDate "2014.11.15"]
[EventType "swiss"]
[EventRounds "9"]
[EventCountry "CZE"]
[Source "lmi"]
[SourceDate "2014.11.15"]

1. e4 c5 2. Nc3 Nc6 3. f4 e6 4. Nf3 d5 5. Bb5 Nge7 6. O-O a6 7. Be2 d4 8. Nb1
g6 9. d3 Bg7 10. Qe1 O-O 11. Qh4 Bd7 12. Nbd2 Nc8 13. Qh3 Nd6 14. Qg3 Qe7 15.
Nc4 Nxc4 16. dxc4 Nb4 17. Bd3 Nxd3 18. cxd3 b5 19. b3 Rab8 20. Re1 Qd8 21. Bd2
bxc4 22. dxc4 Bc6 23. Rad1 Qc7 24. Qh4 Qb7 25. f5 exf5 26. Bh6 f6 27. Bxg7 Kxg7
28. exf5 Bxf3 29. gxf3 Rbe8 30. Qg3 Qd7 31. fxg6 hxg6 32. Qf4 Re7 33. Rxe7+
Qxe7 34. b4 g5 35. Qd2 Rd8 36. bxc5 Qxc5 37. Qd3 Qe5 38. Rd2 Qf4 39. Re2 Rd7
40. Kg2 Qd6 41. Re4 Qb6 42. Re2 Qd6 43. Re4 Qb6 44. Kf2 Qd6 45. Kg2 Qb6 1/2-1/2

[Event "Open Brno 2014"]
[Site "Brno CZE"]
[Date "2014.11.17"]
[Round "3.12"]
[White "Pokorny, Petr"]
[Black "Zeman, Radek"]
[Result "1-0"]
[WhiteElo "2138"]
[BlackElo "1893"]
[PlyCount "51"]
[EventDate "2014.11.15"]
[EventType "swiss"]
[EventRounds "9"]
[EventCountry "CZE"]
[Source "lmi"]
[SourceDate "2014.11.15"]

1. d4 d5 2. c4 e6 3. Nc3 Nf6 4. cxd5 exd5 5. Bg5 Be7 6. e3 c6 7. Bd3 O-O 8. Qc2
Nbd7 9. Nf3 Re8 10. O-O Nf8 11. h3 Ng6 12. Bxf6 Bxf6 13. b4 Nh4 14. Nxh4 Bxh4
15. Bxh7+ Kh8 16. Bf5 Qg5 17. Bxc8 Raxc8 18. Qe2 f5 19. Qf3 Rf8 20. Ne2 Rce8
21. Nf4 Re7 22. g3 Rf6 23. Kh2 Bxg3+ 24. Qxg3 Qh6 25. Rg1 Qh7 26. Qg5 1-0

[Event "Open Brno 2014"]
[Site "Brno CZE"]
[Date "2014.11.17"]
[Round "3.13"]
[White "Zikan, Karel"]
[Black "Snorek, Milan"]
[Result "0-1"]
[WhiteElo "1743"]
[BlackElo "2105"]
[PlyCount "110"]
[EventDate "2014.11.15"]
[EventType "swiss"]
[EventRounds "9"]
[EventCountry "CZE"]
[Source "lmi"]
[SourceDate "2014.11.15"]

1. c4 c5 2. Nc3 Nf6 3. Nf3 d5 4. cxd5 Nxd5 5. g3 g6 6. Bg2 Bg7 7. O-O O-O 8. e3
Nxc3 9. dxc3 Qa5 10. Qc2 Nc6 11. Bd2 Bg4 12. c4 Qa6 13. Rfc1 Rfd8 14. Bc3 e5
15. h3 Bf5 16. e4 Be6 17. b3 Nd4 18. Qb2 Bxh3 19. Bxd4 Bxg2 20. Bxe5 Bxf3 21.
Bxg7 Qe6 22. Qf6 Qxf6 23. Bxf6 Rd2 24. Re1 h6 25. Re3 Bg4 26. Kf1 g5 27. Ke1
Rc2 28. f3 Be6 29. Re2 Rxe2+ 30. Kxe2 Kh7 31. Rd1 b5 32. cxb5 Rb8 33. Kd3 Rxb5
34. Rc1 Ra5 35. Rc2 Ra3 36. Ke2 c4 37. Be7 cxb3 38. Bxa3 bxc2 39. Kd2 Bxa2 40.
Kxc2 h5 41. Kd2 h4 42. gxh4 gxh4 43. Ke3 a5 44. f4 Kg6 45. Kf3 Kh5 46. f5 Bb1
47. Bd6 a4 48. f6 Kg5 49. e5 Ba2 50. Kg2 Bd5+ 51. Kh3 Be6+ 52. Kh2 Kf4 53. Kg2
Ke3 54. Bb4 h3+ 55. Kg3 Kd3 0-1

[Event "Open Brno 2014"]
[Site "Brno CZE"]
[Date "2014.11.17"]
[Round "3.14"]
[White "Doskar, Miloslav"]
[Black "Vesely, Jaromir"]
[Result "0-1"]
[WhiteElo "1725"]
[BlackElo "2008"]
[PlyCount "52"]
[EventDate "2014.11.15"]
[EventType "swiss"]
[EventRounds "9"]
[EventCountry "CZE"]
[Source "lmi"]
[SourceDate "2014.11.15"]

1. d4 d5 2. c4 c6 3. Nf3 Nf6 4. e3 Bf5 5. Nc3 e6 6. Be2 Nbd7 7. O-O Bd6 8. b3
h6 9. Bb2 O-O 10. h3 Qe7 11. Bd3 Be4 12. Bxe4 Nxe4 13. Qc2 f5 14. Rac1 Rf7 15.
cxd5 exd5 16. Ne2 g5 17. Ne1 Re8 18. Nd3 Rg7 19. Rcd1 g4 20. Nef4 gxh3 21. Nxh3
Qh4 22. Nhf4 Bxf4 23. Nxf4 Ng5 24. g3 Nf3+ 25. Kg2 Rxg3+ 26. fxg3 Qh2+ 0-1

[Event "Open Brno 2014"]
[Site "Brno CZE"]
[Date "2014.11.17"]
[Round "3.15"]
[White "Feldvabl, Vilem"]
[Black "Healy, Tom"]
[Result "1/2-1/2"]
[WhiteElo "1716"]
[BlackElo "1974"]
[PlyCount "67"]
[EventDate "2014.11.15"]
[EventType "swiss"]
[EventRounds "9"]
[EventCountry "CZE"]
[Source "lmi"]
[SourceDate "2014.11.15"]

1. d4 Nf6 2. Nf3 d6 3. e3 g6 4. c4 Bg7 5. Nc3 O-O 6. Bd3 Nbd7 7. O-O e5 8. dxe5
dxe5 9. e4 c6 10. Be3 Ng4 11. Qe2 Nxe3 12. Qxe3 Qe7 13. a3 a5 14. Na4 h6 15.
Nb6 Nxb6 16. Qxb6 Rd8 17. Rfd1 Ra6 18. Qe3 c5 19. Be2 Rad6 20. Rxd6 Rxd6 21.
Rd1 Be6 22. Rxd6 Qxd6 23. Qd2 Qc7 24. b3 b6 25. a4 Kh7 26. h3 Qe7 27. g4 Bc8
28. Nh2 Bb7 29. f3 Bf6 30. Kg2 Bg5 31. Qe1 Qf6 32. Nf1 Bh4 33. Qd2 Bc6 34. Qd1
1/2-1/2